Les stations de métro de Paris contenant une couleur dans leur nom - Statistiques

Statistiques générales
  • Ce quiz a été pris 70 fois
  • Le résultat moyen est 7 sur 13
Statistiques - réponses
Lignes Stations % Correct
- Blanche
82%
Château Rouge
77%
Maison Blanche
72%
Porte des Lilas
62%
Louis Blanc
57%
Mairie de Montrouge
57%
Chemin Vert
56%
Mairie des Lilas
51%
Richard Lenoir
48%
Porte Dorée
41%
Châtillon - Montrouge
38%
L'Haÿ-les-Roses
31%
Chardon-Lagache
13%
Aucun quiz correspondant
Distribution des résultats
% des personnes avec chaque résultat
Percentile par nombre de réponses
Votre historique - résultats
Vous n’avez pas pris ce quiz